Countries that had the deadliest natural disasters - Statistics

General Stats
  • This quiz has been taken 71 times
  • The average score is 4 of 6
Answer Stats
Death Toll Answer % Correct
1,000,000-4,000,000 China
93%
300,000 India
82%
143,000 Japan
80%
316,000 Haiti
47%
500,000 Bangladesh
33%
250,000-300,000 Turkey/Syria
30%
No matching quizzes found
Score Distribution
Percent of People with Each Score
Percentile by Number Answered
Your Score History
You have not taken this quiz